Silné a slabé stránky tradičných ukazovateľov rentability bakalárska práca

Salvato in:
Dettagli Bibliografici
Autore principale: Poláková, Dominika
Ente Autore: Fakulta podnikového manažmentu EU. Katedra podnikových financií
Altri autori: Šrenkel, Ľudovít
Natura: Libro
Lingua:slovacco
Pubblicazione: Bratislava 2016
Tags: Aggiungi Tag
Nessun Tag, puoi essere il primo ad aggiungerne!!

MARC

LEADER 00000nbm a2200000 4500
001 0218454
005 20170308110550.7
041 0 |a slo 
044 |a SK 
245 1 0 |a Silné a slabé stránky tradičných ukazovateľov rentability  |b bakalárska práca  |c Dominika Poláková ; školiteľ: Ľudovít Šrenkel 
264 1 |a Bratislava  |c 2016 
300 |a 38 s. 
100 1 |a Poláková, Dominika 
700 1 |a Šrenkel, Ľudovít 
710 2 |a Fakulta podnikového manažmentu EU. Katedra podnikových financií